| 000 | 00658nam a22001697a 4500 | ||
|---|---|---|---|
| 003 | OSt | ||
| 005 | 20201016134059.0 | ||
| 008 | 201007b 1992 00| 0 eng d | ||
| 040 |
_aDO-SdBNP _bspa _cBNPHU |
||
| 082 |
_axxxx _bT683c |
||
| 100 | 1 |
_aToribio, Daniel _9588 |
|
| 245 | 1 | 0 |
_aComparación título II del impuesto sobre la renta del Código Tributario y la Ley 5911 y sus reglamentos : _bincluye el Código Tributario integro y la tabla de retencion anual para los asalariados. 1992. _cDaniel Toribio y Juan Hernández |
| 260 |
_aSanto Domingo : _bAlfa y Omega, _c1992. |
||
| 300 |
_a411 p. _c21 cm. |
||
| 700 | 1 |
_aHernández, Juan _936041 |
|
| 942 |
_2ddc _cLF1 |
||
| 999 |
_c48840 _d48840 |
||